Pocket book of statistical tables

Saved in:
書目詳細資料
Main Authors: Odeh, Robert E. (Author), Owen, D. B. (Donald Bruce) (Author), Birnbaum, Z. W (Author), Fisher, Lloyd (Author)
格式: 圖書
語言:英语
出版: Nueva York Marcel Dekker 1977
叢編:Statistics: Textbooks and Monographs, 22
主題:
標簽: 添加標簽
沒有標簽, 成為第一個標記此記錄!

MARC

LEADER 00000nam a2200000 a 4500
001 UCP2683
003 CL-VaPUC
008 990520e19770000US |||||||||||||||||eng|d
082 0 4 |a 519.5  |b ODE  |2 21 
100 |a Odeh, Robert E.  |e author  |9 304571 
700 |a Owen, D. B.  |q (Donald Bruce)  |e author  |9 429617 
700 0 |a Birnbaum, Z. W  |e author  |9 429618 
700 0 |a Fisher, Lloyd  |e author  |9 429619 
245 1 0 |a Pocket book of statistical tables 
300 |a 166 p 
942 |c BK 
945 |d 19990520 00:00:00  |a crobeson 
260 |a Nueva York  |b Marcel Dekker  |c 1977 
650 0 |a Tablas estadísticas   |9 428152 
650 7 |a TABLAS DE DISTRIBUCION  |2 CL-VaPUC  |9 429620 
583 |a last modification  |c 19990520 00:00:00  |k Rodrigo Vera 
490 0 |a Statistics: Textbooks and Monographs, 22 
999 |c 281186  |d 281184 
952 |0 0  |1 0  |4 0  |6 519_500000000000000_ODE_1977  |7 0  |8 A  |9 321863  |a BIBGIM  |b BIBGIM  |d 2019-11-20  |i 1345958  |o 519.5 ODE 1977  |p 1345958  |r 2025-01-15  |w 2019-11-20  |y BK  |k EST